00711nam a2200241 a 4500001001300000003000900013005001700022008004100039020001000080082001600090100001800106245004000124260005200164300002000216500003500236505001000271650002300281700001800304902000800322942000700330952011700337999001500454nice12345678IN_TiNIC20260116012558.0050524s1979 enga grp 000 0 eng  ac10000a220.03bBAL aBalchin, John aPocket Reader`s Guide to the Bible. aEnglandbPioneer International Publishingc1979 ano page numbers aincludes index and biblioraphy2 aIndex aBible-Dictionaries1 aBalchin, John bSRS cBK 001040708StackRoom-aHMIbHMId2007-06-14g100.00l0o220.03 BALp011033r2007-06-14v100.00w2005-05-24yBK c7529d7529